000 01254nam0a22002531 4500
001 rc\219607
005 20260407163831.0
010 _a5-206-00406-5
_bИзвестия
_91000000
035 _a(NLR Aleph) 005467825
090 _a5017481
_c5017481
100 _a20030307d1993 |||y0rusy50 ca
101 0 _arus
102 _aRU
105 _ay |||||||||
200 1 _aКонституция (Основной Закон) Российской Федерации - России
_eПринята на внеочередной седьмой сес. Верховного Совета РСФСР девятого созыва 12 апр. 1978 г., с изм. и доп., внес. законами РСФСР от 27 окт. 1989 г., от 31 мая, 16 июня и 15 дек. 1990 г., от 24 мая и 1 нояб. 1991 г. и законами Рос. Федерации от 21 апр., 9 дек. и 10 дек. 1992 г.
210 _aМ.
_cВерховный Совет РФ
_cИзвестия
_d1993
215 _a126, [1] с.
_d20
740 1 _aРСФСР
_tКонституция
_f1978
_3RU\NLR\AUTH\8810102787
_9706202
801 0 _aRU
_bNLR
_gpsbo
801 1 _aRU
_bELAR
_2rusmarc
852 _aNLR
_j92-3/7814
942 _cBOOK
980 _aNB